A cosmopolitan comedy /

Bibliographic Details
Main Author: Burr, Anna Robeson Brown, 1873-1941
Format: Microform Book
Language:English
Published: New York : D. Appleton, 1899.

MARC

Tag First Indicator Second Indicator Subfields
LEADER 00000cam a2200000 a 4500
001 in00000745950
005 20151016093942.0
007 hd afa014baca
008 840201s1899 ctu a 00011 eng d
035 |a (OCoLC)10360611 
035 |9 ADH8373AM 
040 |a GUA  |c LWS  |d UtOrBLW 
049 |a TXAI 
090 |a PS15 
099 |a film  |a B  |a 1551 
100 1 |a Burr, Anna Robeson Brown,  |d 1873-1941. 
245 1 2 |a A cosmopolitan comedy /  |c by Anna Robeson Brown. 
264 1 |a New York :  |b D. Appleton,  |c 1899. 
300 |a 304 pages 
336 |a text  |b txt  |2 rdacontent 
337 |a microform  |b h  |2 rdamedia 
338 |a microfilm reel  |b hd  |2 rdacarrier 
533 |a Microfilm.  |b Woodbridge, Conn. :  |c Research Publications,  |d 1970-1978.  |e 1 microfilm reel ; 35 mm.  |f (Wright American fiction ; v.3 (1876-1900), reel B-82, no. 836) 
500 |a Microform. 
999 |a MARS 
999 f f |s 32239e37-de69-30eb-93b1-2d82287b6553  |i 1cb71e70-1a0c-32df-b97a-2f20908a8fdd  |t 0 
952 f f |p default  |a Texas A&M University  |b College Station  |c Sterling C. Evans Library  |d Evans: Microforms (3rd floor)  |t 0  |e film B 1551 v.3 reel B-82 no.836  |h Other scheme  |i microform -- microfilm reel 
998 f f |a film B 1551 v.3 reel B-82 no.836  |t 0  |l Evans: Microforms (3rd floor)